[Event "HUN-chT2 Erkel 1718"]
[Site "Hungary"]
[Date "2018.05.06"]
[Round "11.3"]
[White "Nagyajtai, Gabor"]
[Black "Bednay, Dezso"]
[Result "1/2-1/2"]
[WhiteElo "2140"]
[BlackElo "2269"]
[PlyCount "120"]
[EventDate "2017.09.24"]
[EventType "team-tourn"]
[EventRounds "11"]
[EventCountry "HUN"]
[SourceTitle "EXT 2021"]
[Source "ChessBase"]
[SourceDate "2020.10.23"]
[SourceVersion "1"]
[SourceVersionDate "2020.10.23"]
[SourceQuality "1"]
[WhiteTeam "Szada GSBE"]
[BlackTeam "Budapest EAC"]
[WhiteTeamCountry "HUN"]
[BlackTeamCountry "HUN"]

1. d4 Nf6 2. Nf3 e6 3. Bf4 b6 4. e3 Bb7 5. Nbd2 c5 6. c3 Be7 7. h3 0-0 8. Bd3 cxd4 9. exd4 Ba6 10. Bxa6 Nxa6 11. 0-0 d6 12. Qe2 Nc7 13. Bh2 b5 14. Rac1 Qd7 15. Ne1 Nfd5 16. Nd3 Nb6 17. Rc2 Ncd5 18. Nf4 h6 19. Re1 Rac8 20. Nf1 Bg5 21. Nxd5 Nxd5 22. Bg3 Nc7 23. h4 Be7 24. Qh5 f5 25. Bf4 Bf6 26. Rce2 Rce8 27. g3 Re7 28. Qg6 Kh8 29. Nh2 Nd5 30. Bd2 e5 31. Nf3 e4 32. Ng5 Bxg5 33. hxg5 Re6 34. Qh5 Qf7 35. Qxf7 Rxf7 36. f3 Rfe7 37. gxh6 gxh6 38. fxe4 fxe4 39. Rf1 Kg7 40. Rf5 Nc7 41. Be3 Rf7 42. Ref2 Rxf5 43. Rxf5 a6 44. Kf2 Ne8 45. d5 Kg6 46. Rf4 Rf6 47. b3 h5 48. c4 bxc4 49. bxc4 Rf5 50. Ke2 Nf6 51. Rf1 Rxf1 52. Kxf1 Kf5 53. Bf4 h4 54. Bxd6 hxg3 55. Bxg3 e3 56. Bh4 Nxd5 57. cxd5 Ke5 58. Ke2 Kxd5 59. Kxe3 a5 60. Kd3 Kc5 1/2-1/2

[Event "HUN-chT2 Erkel 1718"]
[Site "Hungary"]
[Date "2018.02.18"]
[Round "8.4"]
[White "Frink, Ferenc"]
[Black "Bednay, Dezso"]
[Result "1/2-1/2"]
[WhiteElo "2070"]
[BlackElo "2269"]
[PlyCount "47"]
[EventDate "2017.09.24"]
[EventType "team-tourn"]
[EventRounds "11"]
[EventCountry "HUN"]
[SourceTitle "EXT 2021"]
[Source "ChessBase"]
[SourceDate "2020.10.23"]
[SourceVersion "1"]
[SourceVersionDate "2020.10.23"]
[SourceQuality "1"]
[WhiteTeam "Salgotarjan"]
[BlackTeam "Budapest EAC"]
[WhiteTeamCountry "HUN"]
[BlackTeamCountry "HUN"]

1. e4 c6 2. a3 d5 3. e5 Bf5 4. d4 e6 5. Bd3 Bxd3 6. Qxd3 Qa5+ 7. c3 Qa6 8. Qxa6 Nxa6 9. b4 b6 10. Ne2 h5 11. Nd2 Ne7 12. Nb3 Nf5 13. Be3 c5 14. bxc5 bxc5 15. Kd2 c4 16. Na5 Kd7 17. Rhb1 Be7 18. Rb7+ Nc7 19. a4 Rhb8 20. Rab1 Rxb7 21. Rxb7 Bd8 22. Nf4 g6 23. Nh3 Be7 24. Bg5 1/2-1/2

[Event "HUN-chT2 Erkel 1718"]
[Site "Hungary"]
[Date "2017.12.17"]
[Round "6.3"]
[White "Bednay, Dezso"]
[Black "Szepes, Tamas"]
[Result "1-0"]
[WhiteElo "2269"]
[BlackElo "2180"]
[PlyCount "67"]
[EventDate "2017.09.24"]
[EventType "team-tourn"]
[EventRounds "11"]
[EventCountry "HUN"]
[SourceTitle "EXT 2021"]
[Source "ChessBase"]
[SourceDate "2020.10.23"]
[SourceVersion "1"]
[SourceVersionDate "2020.10.23"]
[SourceQuality "1"]
[WhiteTeam "Budapest EAC"]
[BlackTeam "Pestszentlorinc"]
[WhiteTeamCountry "HUN"]
[BlackTeamCountry "HUN"]

1. e4 e5 2. Nc3 Nc6 3. Bc4 Bd6 4. a3 Nd4 5. d3 c6 6. Nge2 Nf6 7. 0-0 Ne6 8. d4 exd4 9. Nxd4 Nxd4 10. Qxd4 Qe7 11. h3 Be5 12. Qd3 0-0 13. f3 Bxc3 14. Qxc3 d5 15. exd5 cxd5 16. Bd3 Nh5 17. Qb4 Qf6 18. Be3 a5 19. Qd4 Qxd4 20. Bxd4 Nf4 21. Bb5 Bf5 22. Be3 Ne6 23. c3 Nc7 24. Be2 Rfe8 25. Kf2 Re6 26. Rfe1 Rae8 27. Bf1 R6e7 28. Bb6 Ne6 29. Bxa5 Nc5 30. Rxe7 Rxe7 31. Rd1 Be6 32. Bb4 Rc7 33. c4 Na6 34. cxd5 1-0

[Event "HUN-chT2 Erkel 1617"]
[Site "Hungary"]
[Date "2016.10.30"]
[Round "3.1"]
[White "Bednay, Dezso"]
[Black "Nogrady, Vilmos"]
[Result "1-0"]
[WhiteElo "2288"]
[BlackElo "2153"]
[PlyCount "87"]
[EventDate "2016.09.25"]
[EventType "team-tourn"]
[EventRounds "11"]
[EventCountry "HUN"]
[SourceTitle "EXT 2021"]
[Source "ChessBase"]
[SourceDate "2020.10.23"]
[SourceVersion "1"]
[SourceVersionDate "2020.10.23"]
[SourceQuality "1"]
[WhiteTeam "Budapest EAC"]
[BlackTeam "Fot"]
[WhiteTeamCountry "HUN"]
[BlackTeamCountry "HUN"]

1. e4 c6 2. Ne2 d5 3. e5 Bf5 4. Ng3 Bg6 5. h4 h6 6. h5 Bh7 7. e6 Qd6 8. exf7+ Kxf7 9. d4 e5 10. dxe5 Qxe5+ 11. Be2 Bc5 12. f4 Qe7 13. Kf1 Nf6 14. Bd3 Ne4 15. Nxe4 dxe4 16. Bc4+ Ke8 17. Qe2 Nd7 18. Nc3 Rf8 19. g3 Rd8 20. Be3 Nf6 21. Re1 b5 22. Bxb5 cxb5 23. Qxb5+ Nd7 24. Nxe4 Bxe4 25. Bxc5 Qe6 26. Bxf8 Kxf8 27. Qb4+ Nc5 28. Qxc5+ Kg8 29. Qb4 Qa6+ 30. Kg1 Ba8 31. Rh2 Qc6 32. Qc3 Qb6+ 33. Qe3 Qxb2 34. Qb3+ Qxb3 35. cxb3 Kh7 36. Rc2 Rd3 37. Kh2 Bf3 38. Re7 Rd1 39. g4 Bxg4 40. Rcc7 Bf5 41. Rxg7+ Kh8 42. Rgf7 Be6 43. Rf8+ Bg8 44. Rcc8 1-0

[Event "HUN-chT2 Erkel 1415"]
[Site "Hungary"]
[Date "2014.12.14"]
[Round "4.1"]
[White "Bednay, Dezso"]
[Black "Becskei, Zoltan"]
[Result "0-1"]
[WhiteElo "2287"]
[BlackElo "2323"]
[PlyCount "102"]
[EventDate "2014.09.28"]
[EventType "team-tourn"]
[EventRounds "9"]
[EventCountry "HUN"]
[SourceTitle "EXT 2016"]
[Source "ChessBase"]
[SourceDate "2015.10.08"]
[SourceVersion "1"]
[SourceVersionDate "2015.10.08"]
[SourceQuality "1"]
[WhiteTeam "BEAC"]
[BlackTeam "Andornaktalya"]
[WhiteTeamCountry "HUN"]
[BlackTeamCountry "HUN"]

1. e4 d5 2. exd5 Qxd5 3. Nc3 Qd6 4. Bc4 Nf6 5. d3 c6 6. Nge2 Bf5 7. Ng3 Bg6 8. f4 e6 9. Qe2 Be7 10. Nce4 Qc7 11. Nxf6+ Bxf6 12. f5 Bxf5 13. Nxf5 Qa5+ 14. c3 Qxf5 15. d4 Qa5 16. 0-0 Nd7 17. Bf4 0-0 18. Rae1 Rfe8 19. Qg4 Nf8 20. Bc1 Ng6 21. Rf3 c5 22. Qh5 Bxd4+ 23. Kh1 Bf6 24. Rh3 Nf8 25. Rf1 Qc7 26. Rxf6 gxf6 27. Bd3 f5 28. Bg5 Qe5 29. Re3 Qg7 30. Bh6 Qf6 31. Bg5 Qg6 32. Qh4 Qg7 33. Bf6 Ng6 34. Rg3 Nxh4 35. Rxg7+ Kf8 36. Rxh7 Ng6 37. h4 Rad8 38. Bc4 Rd1+ 39. Kh2 b5 40. Bxb5 Rb8 41. c4 e5 42. h5 Rb6 43. Bg5 Nf4 44. g3 Rd2+ 45. Kh1 Rd1+ 46. Kh2 a6 47. gxf4 axb5 48. h6 Kg8 49. Rg7+ Kf8 50. Rh7 f6 51. Bh4 bxc4 0-1

[Event "HUN-chT2 Erkel 1314"]
[Site "Hungary"]
[Date "2014.04.13"]
[Round "10.1"]
[White "Bednay, Dezso"]
[Black "Vajda, Levente"]
[Result "0-1"]
[WhiteElo "2252"]
[BlackElo "2597"]
[PlyCount "136"]
[EventDate "2013.09.08"]
[EventType "team-tourn"]
[EventRounds "11"]
[EventCountry "HUN"]
[SourceTitle "EXT 2016"]
[Source "ChessBase"]
[SourceDate "2015.10.08"]
[SourceVersion "1"]
[SourceVersionDate "2015.10.08"]
[SourceQuality "1"]
[WhiteTeam "Budapest EAC II"]
[BlackTeam "Paszto"]
[WhiteTeamCountry "HUN"]
[BlackTeamCountry "HUN"]

1. e4 e5 2. Nc3 Nf6 3. Bc4 Nc6 4. d3 Bc5 5. f4 0-0 6. Nf3 Ng4 7. Qe2 exf4 8. Bxf4 d6 9. Bg5 Qd7 10. Rf1 h6 11. Bf4 Nd4 12. Nxd4 Bxd4 13. Nd1 Qe7 14. c3 Be5 15. Ne3 Qh4+ 16. Kd2 Nxh2 17. Bxh2 Qxh2 18. Kc2 Be6 19. d4 Bxc4 20. Nxc4 Bf6 21. Ne3 Bg5 22. Rh1 Qf4 23. Nd5 Qd2+ 24. Qxd2 Bxd2 25. Kxd2 c6 26. Ne7+ Kh7 27. Nf5 Rad8 28. Rae1 Rfe8 29. Re3 Re6 30. Kd3 Rf6 31. Rf1 Rd7 32. e5 dxe5 33. Rxe5 g6 34. Ne3 Rxf1 35. Nxf1 Kg7 36. c4 h5 37. Re2 h4 38. Ne3 f5 39. Rf2 Kh6 40. d5 c5 41. Ke2 Kg5 42. Kf3 Kf6 43. Rd2 Rd6 44. Nd1 g5 45. Nc3 a6 46. Re2 b5 47. b3 bxc4 48. bxc4 Rb6 49. Na4 Rb4 50. Nxc5 g4+ 51. Kf2 Rxc4 52. Nd7+ Kg5 53. Nf8 g3+ 54. Ke1 h3 55. gxh3 f4 56. d6 Kf5 57. d7 Rd4 58. Rd2 Rxd2 59. Kxd2 g2 60. d8Q g1Q 61. Qd7+ Kf6 62. Qe6+ Kg7 63. Qe5+ Kg8 64. Ne6 Qg2+ 65. Kd3 Qxh3+ 66. Ke4 Qe3+ 67. Kf5 Qxe5+ 68. Kxe5 f3 0-1

[Event "Budapest-chT1 Lilienthal 1314"]
[Site "Budapest"]
[Date "2014.02.09"]
[Round "7"]
[White "Eperjesi, Laszlo"]
[Black "Bednay, Dezso"]
[Result "1/2-1/2"]
[WhiteElo "2161"]
[BlackElo "2252"]
[PlyCount "27"]
[EventDate "2013.09.29"]
[EventType "team-tourn"]
[EventRounds "11"]
[EventCountry "HUN"]
[SourceTitle "EXT 2021"]
[Source "ChessBase"]
[SourceDate "2020.10.23"]
[SourceVersion "1"]
[SourceVersionDate "2020.10.23"]
[SourceQuality "1"]
[WhiteTeam "Budapest Vasas II"]
[BlackTeam "SENSE"]
[WhiteTeamCountry "HUN"]
[BlackTeamCountry "HUN"]

1. d4 Nf6 2. Nf3 e6 3. c4 Bb4+ 4. Bd2 Qe7 5. Nc3 Bxc3 6. Bxc3 Ne4 7. Rc1 0-0 8. g3 d6 9. Bg2 f5 10. 0-0 Kh8 11. Nd2 Nxc3 12. Rxc3 e5 13. Nb3 Nd7 14. c5 1/2-1/2

[Event "Berekfurdo tt"]
[Site "Berekfurdo"]
[Date "2013.10.05"]
[Round "4.2"]
[White "Egyed, Gabor"]
[Black "Bednay, Dezso"]
[Result "0-1"]
[WhiteElo "2104"]
[BlackElo "2237"]
[PlyCount "76"]
[EventDate "2013.10.03"]
[EventType "team-tourn"]
[EventRounds "7"]
[EventCountry "HUN"]
[SourceTitle "CBM 156 Extra"]
[Source "ChessBase"]
[SourceDate "2013.10.22"]
[SourceVersion "1"]
[SourceVersionDate "2013.10.22"]
[SourceQuality "1"]
[WhiteTeam "Kisujszallas"]
[BlackTeam "Budapest ELTE"]
[WhiteTeamCountry "HUN"]
[BlackTeamCountry "HUN"]

1. e4 c6 2. d4 d5 3. f3 dxe4 4. fxe4 e5 5. Nf3 Be6 6. c3 Nd7 7. Bd3 Bd6 8. 0-0 f6 9. Nh4 Ne7 10. Nf5 Nxf5 11. exf5 Bf7 12. Qg4 Qe7 13. Re1 0-0-0 14. Nd2 Bc7 15. a4 g6 16. a5 gxf5 17. Bxf5 Rhg8 18. Qh3 Bd5 19. g3 Kb8 20. c4 Bf7 21. a6 Nb6 22. c5 Rxd4 23. Nf3 Qxc5 24. Nxd4 Nc4 25. Re4 Rd8 26. b4 Qb6 27. Qh4 Bd5 28. Re1 exd4 29. Bd3 Ne5 30. Rxe5 fxe5 31. Bh6 e4 32. Bxe4 d3+ 33. Kf1 Qd4 34. Rb1 Bxe4 35. Qe7 d2 36. Bf4 Qd3+ 37. Kg1 Qxb1+ 38. Kf2 Qe1# 0-1

[Event "Budapest-chT1 Lilienthal 1213"]
[Site "Budapest"]
[Date "2013.05.05"]
[Round "11"]
[White "Bednay, Bence"]
[Black "Bednay, Dezso"]
[Result "1/2-1/2"]
[WhiteElo "2186"]
[BlackElo "2255"]
[PlyCount "32"]
[EventDate "2012.09.30"]
[EventType "team-tourn"]
[EventRounds "11"]
[EventCountry "HUN"]
[SourceTitle "EXT 2019"]
[Source "ChessBase"]
[SourceDate "2018.10.10"]
[SourceVersion "1"]
[SourceVersionDate "2018.10.10"]
[SourceQuality "1"]
[WhiteTeam "Budapest EAC"]
[BlackTeam "Budapest SENSE"]
[WhiteTeamCountry "HUN"]
[BlackTeamCountry "HUN"]

1. b3 b6 2. Bb2 Bb7 3. Nc3 e6 4. Nf3 Nf6 5. g3 c5 6. Bg2 Be7 7. 0-0 0-0 8. d4 cxd4 9. Nxd4 Bxg2 10. Kxg2 Nc6 11. Nxc6 dxc6 12. Qxd8 Rfxd8 13. Rfd1 Kf8 14. Rxd8+ Rxd8 15. Rd1 Rxd1 16. Nxd1 Nd5 1/2-1/2

[Event "Budapest-chT1 Lilienthal 1213"]
[Site "Budapest"]
[Date "2013.04.14"]
[Round "10"]
[White "Bednay, Dezso"]
[Black "Szabolcsi, Janos"]
[Result "1/2-1/2"]
[WhiteElo "2255"]
[BlackElo "2396"]
[PlyCount "123"]
[EventDate "2012.09.30"]
[EventType "team-tourn"]
[EventRounds "11"]
[EventCountry "HUN"]
[SourceTitle "EXT 2019"]
[Source "ChessBase"]
[SourceDate "2018.10.10"]
[SourceVersion "1"]
[SourceVersionDate "2018.10.10"]
[SourceQuality "1"]
[WhiteTeam "Budapest SENSE"]
[BlackTeam "Budapest RAC"]
[WhiteTeamCountry "HUN"]
[BlackTeamCountry "HUN"]

1. e4 c5 2. Nf3 e6 3. c4 Nc6 4. Nc3 Nf6 5. Be2 d5 6. exd5 exd5 7. d4 dxc4 8. d5 Na5 9. 0-0 a6 10. Re1 Be7 11. Bf4 Nh5 12. Be5 0-0 13. d6 Bf6 14. Ne4 Be6 15. Nxc5 Bxe5 16. Nxe6 fxe6 17. Nxe5 Nf4 18. Bf3 Rc8 19. Qd4 b6 20. Re4 Nd5 21. Rh4 Rc5 22. Re1 Qxd6 23. Be4 h6 24. Bb1 Qd8 25. Ng6 Rf6 26. Nf4 Nc6 27. Qe4 Nxf4 28. Rxf4 Rxf4 29. Qxf4 Re5 30. Qc1 Qd4 31. Rd1 Qh4 32. Qc2 Kf8 33. h3 Nd4 34. Qd2 Rd5 35. Qe3 Kf7 36. Rd2 b5 37. Be4 Nf5 38. Bxf5 Rxd2 39. Bxe6+ Kf6 40. Qxd2 Kxe6 41. Qa5 Qg5 42. Qxa6+ Kf7 43. Qa7+ Kg8 44. Qe3 Qd5 45. a3 Qd1+ 46. Kh2 Qd5 47. f4 Kf7 48. Kg3 Qf5 49. Qe5 Qd3+ 50. Kh2 Qd2 51. Kg3 Qd3+ 52. Kf2 Qd2+ 53. Kf3 Qd1+ 54. Qe2 Qd5+ 55. Ke3 Qc5+ 56. Kd2 b4 57. axb4 Qxb4+ 58. Kc2 Qb3+ 59. Kc1 c3 60. bxc3 Qxc3+ 61. Kd1 Qa1+ 62. Kd2 1/2-1/2

[Event "Budapest-chT1 Lilienthal 1213"]
[Site "Budapest"]
[Date "2013.02.03"]
[Round "7"]
[White "Tornai, Imre"]
[Black "Bednay, Dezso"]
[Result "1/2-1/2"]
[WhiteElo "2179"]
[BlackElo "2255"]
[PlyCount "112"]
[EventDate "2012.09.30"]
[EventType "team-tourn"]
[EventRounds "11"]
[EventCountry "HUN"]
[SourceTitle "EXT 2019"]
[Source "ChessBase"]
[SourceDate "2018.10.10"]
[SourceVersion "1"]
[SourceVersionDate "2018.10.10"]
[SourceQuality "1"]
[WhiteTeam "Budapest Ujpest KSE"]
[BlackTeam "Budapest SENSE"]
[WhiteTeamCountry "HUN"]
[BlackTeamCountry "HUN"]

1. e4 c6 2. d4 d5 3. Nc3 dxe4 4. Nxe4 Nd7 5. Nf3 Ngf6 6. Bd3 Nxe4 7. Bxe4 Nf6 8. Bd3 g6 9. 0-0 Bg7 10. c3 0-0 11. Bf4 b6 12. Re1 Bb7 13. Qe2 Re8 14. Rad1 Qc8 15. Ne5 a6 16. Bc4 e6 17. Bb3 c5 18. dxc5 Qxc5 19. Qc4 Qxc4 20. Nxc4 Nd5 21. Bg3 Bc6 22. Ne5 Bb7 23. c4 Nf6 24. Rd6 b5 25. cxb5 axb5 26. Rb6 Bd5 27. Rxb5 Bxb3 28. axb3 Reb8 29. Rxb8+ Rxb8 30. Nxf7 Rxb3 31. Ng5 Rxb2 32. Nxe6 Rb5 33. Nxg7 Kxg7 34. Be5 Kf7 35. Bxf6 Kxf6 36. g3 h5 37. Re4 Rb6 38. Kg2 Ra6 39. Rb4 Rc6 40. Rf4+ Kg5 41. h4+ Kh6 42. Kf3 Ra6 43. Ke4 Ra5 44. Rf8 Kg7 45. Rd8 Ra2 46. Ke3 Kf6 47. Rd6+ Kf5 48. Rd5+ Kf6 49. Kf3 Rb2 50. Ke3 Ra2 51. f4 Ra3+ 52. Kf2 Rb3 53. Rg5 Rb2+ 54. Kf3 Rb3+ 55. Kg2 Rb2+ 56. Kh3 Rb3 1/2-1/2

[Event "HUN-chT2 Erkel 1213"]
[Site "Hungary"]
[Date "2012.10.07"]
[Round "2.1"]
[White "Bednay, Dezso"]
[Black "Szalanczy, Emil"]
[Result "0-1"]
[WhiteElo "2255"]
[BlackElo "2237"]
[PlyCount "80"]
[EventDate "2012.09.16"]
[EventType "team-tourn"]
[EventRounds "11"]
[EventCountry "HUN"]
[SourceTitle "EXT 2014"]
[Source "ChessBase"]
[SourceDate "2013.11.20"]
[SourceVersion "1"]
[SourceVersionDate "2013.11.20"]
[SourceQuality "1"]
[WhiteTeam "BEAC II"]
[BlackTeam "Szigetszentmiklos"]
[WhiteTeamCountry "HUN"]
[BlackTeamCountry "HUN"]

1. e4 c5 2. Nf3 d6 3. d4 cxd4 4. Nxd4 Nf6 5. f3 e5 6. Nb3 h6 7. c4 Be7 8. Nc3 Nc6 9. Be3 0-0 10. Be2 a5 11. 0-0 a4 12. Nd2 Qa5 13. Nd5 Nxd5 14. cxd5 Nd4 15. Nc4 Qa7 16. Kh1 Bd7 17. Na3 Qb6 18. Qd2 Qa5 19. Qxa5 Rxa5 20. Bxd4 exd4 21. Nc4 Rb5 22. Rfd1 Rb4 23. a3 Rb3 24. Rxd4 Bb5 25. Bd1 Bxc4 26. Rxc4 Rxb2 27. Rxa4 Bf6 28. Rc1 Bg5 29. Ra1 Rc8 30. Rb4 Rf2 31. g3 Rc3 32. f4 Bf6 33. Rab1 Rd3 34. Bg4 Rdd2 35. e5 dxe5 36. d6 Rxh2+ 37. Kg1 Rhg2+ 38. Kf1 Rdf2+ 39. Ke1 exf4 40. Rxf4 Bc3+ 0-1

[Event "Budapest-chT1 Lilienthal 1112"]
[Site "Budapest"]
[Date "2012.02.26"]
[Round "8"]
[White "Bednay, Dezso"]
[Black "Gelle, Istvan"]
[Result "1-0"]
[WhiteElo "2263"]
[BlackElo "2354"]
[PlyCount "107"]
[EventDate "2011.10.02"]
[EventType "team-tourn"]
[EventRounds "11"]
[EventCountry "HUN"]
[SourceTitle "EXT 2020"]
[Source "ChessBase"]
[SourceDate "2019.10.17"]
[SourceVersion "1"]
[SourceVersionDate "2019.10.17"]
[SourceQuality "1"]
[WhiteTeam "Hid Unio"]
[BlackTeam "Fabulon"]
[WhiteTeamCountry "HUN"]
[BlackTeamCountry "HUN"]

1. e4 c6 2. d4 d5 3. exd5 cxd5 4. Bd3 Nc6 5. c3 Qc7 6. h3 e6 7. Nf3 Bd6 8. 0-0 Nf6 9. Re1 0-0 10. Nbd2 Bd7 11. Qe2 Rfc8 12. Ne5 Be8 13. Ndf3 a6 14. Bd2 b5 15. b4 Nb8 16. g4 Nfd7 17. Nxd7 Nxd7 18. Ne5 Nf8 19. g5 Ra7 20. Kh1 Qb8 21. f4 Kh8 22. Qg4 Rcc7 23. Qh4 Qd8 24. Rg1 Be7 25. Ng4 Qc8 26. Rg3 Rxc3 27. Bxc3 Qxc3 28. Rag1 Qxd4 29. Nf6 Bxf6 30. gxf6 Ng6 31. fxg7+ Kxg7 32. Qd8 Bc6 33. Qd6 Ba8 34. h4 Qf2 35. Qe5+ Kh6 36. Qg5+ Kg7 37. Qe5+ Kh6 38. Qg5+ Kg7 39. Bf1 h6 40. Qg4 d4+ 41. Bg2 h5 42. Qg5 Qe2 43. Qc5 Bxg2+ 44. R3xg2 Qe3 45. Qxh5 Kf8 46. Qc5+ Ke8 47. Qc6+ Rd7 48. h5 Nxf4 49. Rg8+ Ke7 50. Qc5+ Rd6 51. Qg5+ Kd7 52. Rd8+ Kc6 53. Qc5+ Kb7 54. Qc8+ 1-0

[Event "HUN-chT2 Charousek 1112"]
[Site "Hungary"]
[Date "2011.10.30"]
[Round "2"]
[White "Bednay, Dezso"]
[Black "Dankhazi, Andras"]
[Result "1-0"]
[WhiteElo "2263"]
[BlackElo "2085"]
[PlyCount "117"]
[EventDate "2011.09.25"]
[EventType "team-tourn"]
[EventRounds "11"]
[EventCountry "HUN"]
[SourceTitle "EXT 2013"]
[Source "ChessBase"]
[SourceDate "2012.11.22"]
[SourceVersion "1"]
[SourceVersionDate "2012.11.22"]
[SourceQuality "1"]
[WhiteTeam "BEAC"]
[BlackTeam "Paks II"]
[WhiteTeamCountry "HUN"]
[BlackTeamCountry "HUN"]

1. e4 c5 2. Nf3 d6 3. d4 cxd4 4. Nxd4 Nf6 5. f3 Nc6 6. c4 e6 7. Nc3 Be7 8. Be3 0-0 9. Qd2 d5 10. Nxc6 bxc6 11. cxd5 cxd5 12. e5 Nd7 13. f4 Qa5 14. Be2 Bb4 15. 0-0 Ba6 16. Bd4 Bxe2 17. Qxe2 Rac8 18. Qe3 Rc4 19. Ne2 Bc5 20. Bxc5 Qxc5 21. Qxc5 Rxc5 22. Nd4 g6 23. Rfd1 a6 24. Rac1 Rfc8 25. Rxc5 Rxc5 26. Rd2 Kf8 27. Kf2 Ke7 28. Ke3 Nb6 29. Kd3 Kd7 30. g4 Rc1 31. b3 Nc8 32. Rf2 Rg1 33. f5 Rxg4 34. fxe6+ fxe6 35. Rf7+ Ne7 36. Rf6 Re4 37. Nxe6 Rxe5 38. Nc5+ Ke8 39. Nxa6 h5 40. b4 Re1 41. b5 Rb1 42. b6 Nc8 43. Nc7+ Kd7 44. Nxd5 Rd1+ 45. Ke3 Rxd5 46. b7 Kc7 47. bxc8Q+ Kxc8 48. Rxg6 Ra5 49. Rg2 Ra3+ 50. Kf4 Rh3 51. Kg5 Kb7 52. a4 Ra3 53. Kxh5 Rxa4 54. Rc2 Ra8 55. h4 Rh8+ 56. Kg5 Rg8+ 57. Kf6 Rh8 58. Rc4 Rh6+ 59. Kg7 1-0